[Event "FRA-ch 57 Championnat"]
[Site "Schiltigheim"]
[Date "1982.08.23"]
[Round "8"]
[White "Seret, Jean Luc"]
[Black "Manouck, Thierry"]
[Result "0-1"]
[WhiteElo "2400"]
[BlackElo "2405"]
[Annotator "Primel,D"]
[PlyCount "82"]
[EventDate "1982.08.16"]
[EventType "swiss"]
[EventRounds "13"]
[EventCountry "FRA"]
[SourceTitle "EXT 2004"]
[Source "ChessBase"]
[SourceDate "2003.11.25"]
[SourceVersion "1"]
[SourceVersionDate "2003.11.25"]
[SourceQuality "1"]

1. e4 c5 2. Nc3 e6 3. g3 d5 4. Bg2 Nf6 5. d3 Be7 6. Nge2 d4 $5 $146 ({RR} 6...
dxe4 7. Nxe4 Nxe4 8. Bxe4 O-O 9. O-O Nd7 ({RR} 9... Bf6 10. Nc3 Nc6 11. Qh5 g6
12. Qxc5 Nd4 13. Bh6 Re8 14. Nb5 a6 15. Nxd4 Bxd4 16. Qa3 g5 17. c3 Ba7 18. Qa4
f6 19. h4 Re7 20. hxg5 f5 21. Bg2 Bd7 22. Qh4 Qe8 23. d4 Bc6 24. Bxc6 {
Franzoni,G-Yrjola,J/Groningen 1979/EXT 2001/1-0 (34)}) 10. Bg2 Nf6 11. d4 Qb6
12. c3 cxd4 13. Nxd4 Rd8 14. Qb3 Bc5 15. Qxb6 Bxb6 16. Nc2 Ng4 17. h3 Nxf2 18.
Rxf2 Rd1+ 19. Bf1 e5 20. Bg5 Rxa1 21. Nxa1 {Marjanovic,S-Masic,L/Subotica 1978/
EXT 2002/1/2-1/2 (52)}) 7. Nb1 {[%cal Ga2a4,Gb1d2,Gd2c4]} e5 8. O-O Nc6 9. f4 {
Retombe sur une position d'Est-Indienne en premier. Comme souvent le tempo de
plus ne donne pas forcément un avantage} (9. Nd2 {[%cal Gf2f4,Gd2c4,Ga2a4] Il
est plus courant et plus couple de développer d'abord le Nd2 avant de pousser
f4} O-O (9... h5 $1) 10. f4) 9... O-O (9... h5 $5 {Robles,H-Yermolinsky,A 
(2615) Continental op 1993 0-1}) 10. f5 {Comme dans l'Est-Indienne, le thème
de la poussée "f5f4" ou "f4f5" comme dans la partie est une question complexe
qui a d'ailleurs fait l'objet d'un CD de ChessBase. Au cas d'espèce, il
semblait préférable de laisser la tension avec Nd2} (10. Nd2 $142 $5 Ng4 {
[%csl Re3]} 11. Nf3 (11. Nc4 $5 $146 b5 12. Nxe5 Ngxe5 13. fxe5 Nxe5 14. a4 $5
{[%cal Ge2f4,Gf4d5]} b4 15. Bf4) 11... exf4 12. gxf4 (12. Nxf4 {[%cal Gf4d5]}
Nge5) 12... f5) (10. a4) 10... b5 11. h3 a5 12. g4 Nd7 {[%cal Ge7g5] Les deux
joueurs adoptent des manoeuvres typiques de l'Est-Indienne comme le thème de
l'échange du mauvais B} (12... Ne8) 13. Nd2 Bg5 $1 14. Nf3 (14. Ng3 c4 $1 {
[%cal Gc8a6]}) (14. a4 Be3+ 15. Kh2 Ba6 16. axb5 Bxb5 17. Ng3 (17. Nc4 Bxc1 18.
Qxc1 {[%cal Gg4g5]})) 14... Bxc1 15. Nxc1 {[%cal Gd1h5] Seret reprend du N et
non pas de la R afin de gagner un tempo pour sa Q pour accéder а l'aile-roi.
Un autre avantage de reprendre du N est le fait qu'il va défendre la faiblesse
"d3". En contrepartie, la Ra1 est hors-jeu et Ne2g3 pouvait amener une pièce
supplémentaire а l'attaque du K adverse.} (15. Rxc1 f6 16. Ng3 c4 17. h4 Ba6
18. Rf2 {[%cal Gg2f1]} (18. g5) 18... Nc5 {[%csl Rd3]} (18... Qe7) 19. Bf1 Qe7
20. Rg2 $13) 15... f6 16. h4 {[%cal Gg4g5]} Ba6 17. Rf2 {[%cal Gg2f1,Gf2g2]} (
17. g5 {Après l'échange des B de cases noires, l'attaque blanche est moins
forte car il n'y a plus de possibilités de sactifices en "h6"} c4) 17... c4 18.
Bf1 Nc5 19. g5 Kh8 20. Rg2 $14 Qe7 21. Nh2 {[%cal Gh2g4,Gg5g6,Rh7h6,Yg4h6]} Qd6
22. Qh5 $6 (22. g6 $5 h6 23. Qh5 {[%cal Gh2g4]} Qe7 {[%cal Ge7g7]} 24. Ng4 Kg8
(24... b4 $4 25. Nxh6 $1 $18) 25. Rg3 {[%csl Rd3]} a4 26. a3 b4 $13) (22. Ng4
$1 {[%cal Gg4f6]} Ne7 23. gxf6 {Il faut prendre avant d'attendre le retour du
Ne7g8 et l'ouverture de la colonne "g" donne plus de chances aux blancs que
dans la partie.} (23. g6 $6 hxg6 24. fxg6 {[%cal Gd1h5,Gg4e5]} Nxg6) 23... gxf6
$11) 22... Ne7 $1 {[%cal Ge7g8] Venant soutenir les cases sensibles "f6" et
"h6"} 23. Qg4 $6 {le début d'une mauvaise manoeuvre qui perd l'intiative.} (23.
Ng4 Ng8 $1 24. g6 h6 $17 {[%cal Gg8h6] L'attaque blanche est stoppée alors que
celle des noirs а l'aile-dame est positionnellement gagnante}) 23... Ng8 24.
Qg3 $2 {[%cal Gf1e2,Ge2h5,Gh5g6] le plan d'attaque du B de cases blanches est
beaucoup trop lent} Ra7 25. Be2 b4 26. Bh5 Rc7 27. Bg6 $4 h6 $2 (27... hxg6 $1
{le B était prenable.} 28. fxg6 cxd3 29. cxd3 (29. Qg4 fxg5 30. hxg5 Qxg6)
29... f5) 28. Qf3 Rfc8 $132 29. Qh5 Qf8 {[%cal Gf8h6]} 30. Ng4 cxd3 31. cxd3
Bxd3 32. gxh6 gxh6 33. Nxe5 $2 fxe5 34. f6 Qxf6 35. Bf5 Rf8 36. Rg6 Rg7 37.
Nxd3 Rxg6+ 38. Bxg6 Nxd3 39. Bf5 Qg7+ 40. Kh2 Nf6 41. Qf3 Rg8 {[%mdl 8200]} 0-1

[Event "Syre Memorial op 32nd"]
[Site "Issy les Moulineaux"]
[Date "2009.05.23"]
[Round "5"]
[White "Calistri, Tristan"]
[Black "Roser, Kevin"]
[Result "1/2-1/2"]
[WhiteElo "2382"]
[BlackElo "2436"]
[Annotator "Primel,D"]
[PlyCount "30"]
[EventDate "2009.05.21"]
[EventType "swiss"]
[EventRounds "6"]
[EventCountry "FRA"]
[SourceTitle "EXT 2010"]
[Source "ChessBase"]
[SourceDate "2010.11.25"]
[SourceVersion "1"]
[SourceVersionDate "2010.11.25"]
[SourceQuality "1"]

1. e4 c5 2. Nc3 Nc6 3. Bb5 {Cette vieille idée de MIESES a connu un regain de
popularité depuis quelques années notamment а la suite de son utilisation par
les GMI TIVIAKOV et MOROZEVICH. La différence avec la variante ROSSOLIMO est
le fait que les blancs n'ont pas joué Nf3. Ils gardent donc l'option de Nge2}
Nd4 {la grande ligne posant la question au B} (3... g6 4. Bxc6 $14) (3... e6 4.
Bxc6 $14) 4. Bc4 (4. Ba4 a6 {[%cal Gb7b5]} 5. d3 {[%csl Rc4];Tiviakov,S (2618)
-Cherniaev,A (2437) Monarch Assurance 10th 2001 (9) 1/2}) 4... e6 (4... g6 {
Burstein,S-Boutteville,C FRA-ch 30th Toulouse 1955 (7) 0-1}) 5. Nge2 (5. Nf3
Ne7 {Morozevich,A (2756)-Lutz,C (2595) Bundesliga 0001 2000 (4.1) 1-0}) 5...
Nf6 6. O-O a6 7. a4 {[%csl Gb5]} (7. d3 b5 8. Bb3 Nxb3 9. axb3 Bb7 10. Bg5 $1
d6 11. f4 Be7 12. f5 (12. Ng3 h6 13. Bxf6 Bxf6 14. Qe2 b4 15. Nd1 O-O 16. Kh1
g6 17. e5 dxe5 18. fxe5 Bg7 19. Nf2 h5 20. Nh3 Qd4 21. Rae1 Qxb2 22. Ng5 Qd4
23. Nxh5 Qh4 24. Nxg7 Qxg5 25. Rf6 Kxg7 26. Qf2 Rae8 {Degraeve,J (2548)-Roser,
K (2400)/Cappelle la Grande 2007/EXT 2008/1-0 (41)}) 12... Nxe4 $6 {Paco a
réussi а sauver la nulle mais le sacrifice est assez douteux} 13. Bxe7 Nxc3 14.
Bxd8 Nxd1 15. Bg5 {[%csl Rd1]} Nxb2 16. Bc1 Nxd3 17. cxd3 e5 18. f6 (18. Nc3)
18... g6 19. Bh6 Kd7 20. Nc3 Ke6 21. Ra5 $1 {[%csl Ra6][%cal Gf1a1]} Rhb8 {
Aronian,L (2752)-Vallejo Pons,F (2650)/Monte Carlo 2006/CBM 111 ext/1/2-1/2 
(57)}) 7... Nc6 (7... d5 {La grande ligne}) (7... Nxe4 8. Nxe4 d5 9. d3 dxc4
10. dxc4 $14) 8. d3 d5 $11 (8... Be7 9. d4 (9. Bg5 Nxe4 $6 10. Bxe7 Nxc3 11.
Bxd8 Nxd1 12. Bb6 Nxb2 13. Bb3 $16 {[%csl Rb2]}) 9... cxd4 10. Nxd4 Qc7 11.
Nxc6 bxc6 12. Qe2 d5 13. Bd3 Bb7 14. Re1 Nd7 15. Qh5 g6 16. Qh6 Bf8 17. Qh4 Bg7
18. Bh6 O-O 19. Bxg7 Kxg7 20. a5 e5 21. b4 d4 22. Na4 c5 23. bxc5 {Jones,G 
(2430)-Damljanovic,B (2595)/Calvia 2006/EXT 2007/1/2-1/2 (70)}) 9. exd5 exd5
10. Ba2 d4 11. Ne4 Be7 12. Nf4 {[%csl Gd5]} O-O 13. Bd2 Bf5 (13... Ne5 $5 {
[%csl Ge5]}) 14. Re1 Qd7 15. Qf3 (15. Nxf6+ $5 {Elimine le défenseur de la
case "d5"} Bxf6 16. Nd5 $14 Bd8 17. h3 Be6 {[%cal Ge6d5]} 18. Qh5 g6 19. Qf3
$36) 15... Rae8 1/2-1/2

[Event "Linares Anibal op 08th"]
[Site "Linares"]
[Date "2001.01.11"]
[Round "4"]
[White "Gonzalez Acosta, Bernal Manuel"]
[Black "Psakhis, Lev"]
[Result "0-1"]
[WhiteElo "2440"]
[BlackElo "2598"]
[Annotator "Psakhis,L"]
[PlyCount "100"]
[EventDate "2001.01.08"]
[EventType "swiss"]
[EventRounds "11"]
[EventCountry "ESP"]
[SourceTitle "CBM 081"]
[Source "ChessBase"]
[SourceDate "2001.03.20"]
[SourceVersion "1"]
[SourceVersionDate "2001.03.20"]
[SourceQuality "1"]

1. e4 {Hecht} c5 2. Nc3 e6 3. g3 d5 4. exd5 exd5 5. Bg2 Nf6 6. Nge2 d4 7. Ne4
Nxe4 8. Bxe4 Nd7 9. d3 Nf6 10. Bg2 Bd6 11. O-O O-O 12. Bf4 (12. h3 Be6 13. Nf4
Bxf4 14. Bxf4 Qd7 15. Kh2 Bd5 16. Re1 Rfe8 17. a3 Rxe1 18. Qxe1 Bxg2 19. Kxg2
Re8 20. Qd1 Nd5 $15 {0-1 Krapivin,V-Shariyazdanov,A/RUS-sf Pskov 1998 (38)})
12... Bg4 13. Bxd6 Qxd6 14. h3 (14. Qd2 Rfe8 15. Rae1 Rad8 16. Nc1 b5 17. Rxe8+
Rxe8 18. Re1 Rxe1+ 19. Qxe1 Qe6 20. Qxe6 fxe6 21. Kf1 Bd1 22. c3 dxc3 23. bxc3
Nd5 $15 {0-1 Hodykin-Vershinin,M/RUS t-ch Orel 1996 (27)}) 14... Bd7 15. Nf4
Rae8 16. Qd2 Bc6 17. Bxc6 $6 (17. Rfe1 $1 Bxg2 18. Nxg2 Qb6 19. c4 dxc3 20.
bxc3 Qd6 21. Rxe8 Rxe8 22. Rd1 Qd7 23. Kh2 h6 {Lyrberg,P-Motwani,P/Gausdal AC
1992/0-1 (56)}) 17... Qxc6 18. Rfe1 Nd7 19. Rxe8 $146 (19. Ng2 $5 Ne5 20. Nh4
Qf6 $15 (20... f6 21. f4 Nf3+ 22. Nxf3 Qxf3 23. Qg2 Qxg2+ 24. Kxg2 {1/2-1/2
Olesen,M-Stein,B/Copenhagen 1995 (24)})) 19... Rxe8 20. Ng2 Ne5 21. Nh4 (21.
Ne1 f6 $36) 21... Qf6 (21... Qe6 $5 22. Kg2) 22. Qf4 (22. Re1 g5 23. f4 gxh4
24. fxe5 Rxe5 25. gxh4 Rxe1+ 26. Qxe1 Qf4 $17) 22... Qxf4 23. gxf4 Nc6 24. a3
g6 25. Kf1 Kg7 26. Re1 Rxe1+ 27. Kxe1 {Hecht: '[#] Weiße Bauernschwächen am
Königsflügel und Raumnachteil am Damenflügel. Schwarz gewinnt systematisch mit
vier Teilplänen.'} Kf6 28. Ke2 Ne7 29. Kf3 Ke6 30. Ke4 (30. Kg4 h5+ 31. Kg5
$140 f6+ 32. Kh6 Nf5+ 33. Nxf5 Kxf5 34. h4 b5 35. b3 a6 (35... a5 36. a4 bxa4
37. bxa4 g5 38. fxg5 fxg5 39. hxg5 (39. Kxh5 gxh4 40. Kxh4 Kf4 41. Kh5 Kf3 42.
Kg5 Kxf2 43. Kf4 Ke2 44. Ke5 Kd2 $19) 39... h4 40. g6 h3 41. g7 h2 42. g8=Q
h1=Q+ 43. Kg7 Qg2+ 44. Kh8) 36. a4 bxa4 37. bxa4 a5 38. f3 g5 (38... Kxf4 39.
Kxg6 Kxf3 40. Kxh5 f5 41. Kg5 f4 42. h5 Ke3 43. h6 f3 44. h7 f2 45. h8=Q f1=Q
46. Qe5+ Kd2 47. Qxc5) 39. fxg5 fxg5 40. hxg5 h4 41. g6 h3 42. g7 h2 43. g8=Q
h1=Q+ 44. Kg7) 30... f5+ {Hecht: 'Fixiert die Bauernschwäche und erlaubt
keinerlei Gegenspiel'} 31. Kf3 Nd5 32. Kg3 Nb6 33. Nf3 Na4 34. b3 Nc3 35. Nd2 (
35. Ng5+ Ke7 36. Nxh7 Nb1 37. Kh4 Nxa3 38. Kg5 Nxc2 39. Kxg6 Nb4 40. Kxf5 Nxd3)
35... b5 36. Kf3 a5 37. Kg3 a4 {Hecht: 'Zementiert den Raumvorteil am
Damenflügel'} 38. bxa4 Nxa4 39. h4 h5 {'!' Hecht.} 40. Kg2 Nc3 41. Kf3 Kd6 42.
Kg2 Kc7 43. Kg3 Kb6 {Hecht: 'Verbesserung der Königsstellung'} 44. Kf3 Nd5 45.
Nb3 (45. Kg3 Ka5 46. Nb3+ Ka4 47. Nxc5+ Kxa3 48. Nb3 Kb2 49. Nxd4 b4 $19) 45...
Nc7 46. Ke2 Ne6 {Hecht: 'Decken von d4 zwecks Vorbereitung von c4'} 47. Kf3 (
47. Nc1 {Hecht} Ka5 48. Nb3+ Ka4 $19 {denn auch der Bc5 ist gedeckt!}) 47... c4
48. dxc4 (48. Nd2 cxd3 49. cxd3 Ka5 $19) 48... bxc4 49. Nd2 Kb5 50. Kg3 (50.
a4+ Kb4 (50... Kxa4 51. Nxc4 Kb4 52. Ne5 Kc3 53. Nxg6 Kxc2 54. Ne7 d3 (54...
Ng7 55. Nc6 Kc3 56. Ke2) 55. Nxf5 d2 56. Ne3+ Kd3 57. f5 Nc7 $1) 51. a5 d3 $1 (
51... c3 52. Nb3 d3 53. a6 dxc2 54. Nc1 Ka3 55. a7 Nc7 56. Ke3 Kb2 57. Nd3+ Kb1
58. Kd4 Nb5+) 52. cxd3 c3 $19) 50... c3 (50... c3 51. Nb3 Ka4 52. Nc1 (52. Kf3
{Hecht} d3 53. Na1 d2 54. Ke2 Nxf4+ 55. Kd1 Nh3 $19) 52... Kxa3 53. Nd3 Ka2 54.
Kf3 Kb1 55. Nb4 Kc1 56. Ke2 Nxf4+ $19) 0-1

[Event "Telechess ol1 7778"]
[Site "telex"]
[Date "1978.12.02"]
[Round "4.8"]
[White "Casper, Thomas"]
[Black "Dolmatov, Sergey"]
[Result "1/2-1/2"]
[WhiteElo "2315"]
[BlackElo "2495"]
[Annotator "Rittner,H"]
[PlyCount "53"]
[EventDate "1977.02.19"]
[EventType "team-k.o."]
[EventRounds "4"]
[SourceTitle "EXT 2012"]
[Source "ChessBase"]
[SourceDate "2011.11.24"]
[SourceVersion "1"]
[SourceVersionDate "2011.11.24"]
[SourceQuality "1"]
[WhiteTeam "German Dem Rep"]
[BlackTeam "Soviet Union"]
[WhiteTeamCountry "DDR"]
[BlackTeamCountry "URS"]

{Fernschach 1/1979 Seiten 5-6} 1. e4 c5 2. Nc3 e6 3. g3 d5 {Mit dieser
einfachen Variante gegen die zumeist verwickelte geschlossene Behandlung der
sizilianischen Eröffnung erreicht Schwarz hier bald eine ausgeglichene
Stellung.} 4. Bg2 Nf6 5. d3 dxe4 6. dxe4 ({Beachtung verdiente auch} 6. Nxe4
Nxe4 7. Bxe4 {was dem weißen Königsläufer die lange Diagonale offen hielt.})
6... Qxd1+ 7. Nxd1 Nc6 8. Ne3 Bd7 9. Bd2 O-O-O 10. O-O-O Bd6 11. Nh3 e5 12. Ng5
Rdf8 13. Nf5 Bc7 $1 {Besser} ({als} 13... Bxf5 $2 14. exf5 {wonach für die
weißen Figuren das Feld e4 freigemacht wird. Wegen verschiedener taktischer
Wendungen kann Schwarz den Bg7 vorübergehend aufgeben.}) 14. Nxg7 h6 15. Nh3
Ne7 {Droht vor allem 16... Th7 mit Bauernrückgewinn.} 16. f4 $6 {Danach ist
eine andere ausgleichende Wendung möglich, doch kann Weiß seinen Mehrbauern in
keinem Falle behaupten.} Nxe4 $1 17. Bxe4 Bxh3 18. Bf3 {Weiß musste sich gegen
18... Thg8 19. Sh5 Lg4! mit Materialgewinn absichern. Jetzt beruhigt sich der
Kampf.} f6 19. Rde1 Bd7 20. Rhf1 Nf5 21. Nxf5 Bxf5 22. fxe5 fxe5 23. Bd5 Bg6
24. Bc3 Bd6 25. Bb3 ({Oder} 25. Rxf8+ Rxf8 26. Bxe5 Bxe5 27. Rxe5 Rf2 {mit
Ausgleich.}) 25... b5 26. Bd5 Kd7 27. b3 1/2-1/2

[Event "Candidates qf1"]
[Site "Brussels"]
[Date "1991.??.??"]
[Round "3"]
[White "Short, Nigel D"]
[Black "Gelfand, Boris"]
[Result "1-0"]
[WhiteElo "2660"]
[BlackElo "2665"]
[Annotator "Rogers,I"]
[PlyCount "61"]
[EventDate "1991.08.??"]
[EventType "match"]
[EventRounds "8"]
[EventCountry "BEL"]
[SourceTitle "Candidates"]
[Source "ChessBase"]
[SourceDate "1999.07.01"]
[SourceVersion "2"]
[SourceVersionDate "1999.07.01"]
[SourceQuality "1"]

1. e4 c5 2. Nc3 d6 3. f4 {Having had no success with a Sicilian main line
opening in the first game, Short changes tack and employs the Vinken (or Grand
Prix) Attack with which his countrymen have had so much success in the past
decade.} Nc6 4. Nf3 g6 5. Bc4 Bg7 6. O-O e6 7. d3 Nge7 8. Qe1 (8. f5 $5 {
is a promising pawn sacrifice but Gelfand scored a notable defensive victory
against it at the last Olympiad. Short prefers to build up his position before
launching an assault.}) 8... Nd4 9. Nxd4 cxd4 10. Ne2 O-O 11. Bb3 Nc6 12. Bd2
d5 $1 13. e5 f6 14. exf6 Bxf6 15. Kh1 a5 16. a4 Qd6 17. Ng1 $1 Bd7 18. Nf3 Nb4
$6 {Gelfand has overlooked a tactical point which forces the knight to retreat
in two moves' time.} ({After a more restrained move such as} 18... b6) ({or} 
18... Rae8 {Black should have few problems.}) 19. Qf2 Qc5 20. Bc3 $1 Nc6 21.
Rae1 b6 22. Bd2 Nb4 23. Qg3 b5 $2 24. f5 $3 exf5 25. Ne5 $1 {The point behind
White's pawn sacrifice.} Be8 ({If now} 25... Bxe5 26. Rxe5 {and the d pawn is
fatally weak so Gelfand is forced to guard against a further sacrifice on g6
with a passive retreat.}) 26. axb5 Qxb5 27. Rxf5 Kh8 28. Rxf6 $3 {The coup de
grace - Black's dark squares are now indefensible.} Rxf6 29. Ng4 Rf5 30. Nh6 $1
Rh5 31. Qf4 $1 {Perhaps the key game which led to Gelfand's elimination from
the 1991-3 World Championship cycle.} 1-0

[Event "EU-Cup 20th"]
[Site "Izmir"]
[Date "2004.10.08"]
[Round "6.4"]
[White "Macieja, Bartlomiej"]
[Black "Vallejo Pons, Francisco"]
[Result "1/2-1/2"]
[WhiteElo "2613"]
[BlackElo "2678"]
[Annotator "Roiz,M"]
[PlyCount "65"]
[EventDate "2004.10.03"]
[EventType "team-swiss"]
[EventRounds "7"]
[EventCountry "TUR"]
[SourceTitle "CBM 104"]
[Source "ChessBase"]
[SourceDate "2005.01.27"]
[SourceVersion "1"]
[SourceVersionDate "2005.01.27"]
[SourceQuality "1"]
[WhiteTeam "Warsaw Polonia"]
[BlackTeam "Paris NAO"]
[WhiteTeamCountry "POL"]
[BlackTeamCountry "FRA"]

1. e4 c5 2. Nf3 Nc6 3. Nc3 Nf6 4. Bb5 Qc7 {This move has the best reputation
these days. In fact, it was played by such experts like Kramnik, Leko and van
Wely.} (4... g6 5. e5 Ng4 6. Bxc6 dxc6 7. h3 Nh6 8. g4 {is another option,
where black may face problems with his Nh6.}) 5. O-O Nd4 6. Bc4 (6. Re1 a6 {
--> is the main line.}) 6... e6 {Taking control on d5.} (6... d6 {can be
strongly met by the typical:} 7. Nd5 (7. Nb5 $6 Nxb5 8. Bxb5+ Bd7 9. Bxd7+ Nxd7
10. d4 cxd4 11. Nxd4 g6 $11 {0-1 Lakshmanrao,D-Venkatesh,M/Chennai IND 2004/
The Week in Chess 483 (41)}) 7... Nxd5 8. exd5 Bg4 9. Be2 Nxe2+ 10. Qxe2 $14)
7. d3 ({Too slowly is:} 7. h3 a6 8. a4 b6 9. d3 Bb7 10. Nxd4 $6 cxd4 11. Ne2
Nxe4 12. Nxd4 Nf6 $15 {0-1 Ciric,D-Eljanov,P/Biel SUI 2004/The Week in Chess
508 (41)}) 7... a6 {Preparing b7-b5 and Bc8-b7, after which white could forget
about e4-e5.} (7... Ng4 {looks too provocative:} 8. g3 h5 (8... Nxf3+ 9. Qxf3
Ne5 10. Qh5 Nxc4 (10... d6 11. Bb5+ Bd7 12. f4 $14) 11. dxc4 d6 12. Bf4 $14) 9.
Nxd4 cxd4 10. Nb5 Qb6 11. a4 Bc5 12. a5 Qd8 13. c3 $36 {1/2-1/2 San Emeterio
Cabanes,J-Garcia Garcia,R/Palencia 2003/EXT 2004 (65)}) 8. Nxd4 (8. a4 b6 9.
Nxd4 cxd4 10. Ne2 Nxe4 11. Nxd4 Bb7 12. Qe2 Nf6 13. Bb3 Bd6 14. h3 O-O $11 {
1/2-1/2 Bakre,T-Venkatesh,M/Calicut IND 2003/The Week in Chess 476 (16)}) 8...
cxd4 9. Ne2 Nxe4 10. dxe4 ({The most principal line looks:} 10. Bxe6 $5 dxe6
11. dxe4 e5 12. c3 (12. f4 Bc5 13. Kh1 O-O 14. fxe5 Qxe5 15. Qd3 Re8 $11 16.
Ng3 Bd7 17. Bf4 Qe6 18. a3 Bb5 19. Qf3 Bxf1 20. Rxf1 Rad8 21. Nh5 Qxe4 22. Qg3
Qg6 23. Qh3 d3 24. cxd3 Rxd3 25. Qh4 Be7 26. Re1 Rd1 {0-1 Schork,S-McShane,L/
Kuppenheim 2003/CBM 94 ext (26)}) 12... dxc3 13. Nxc3 $14 {with a small
advantage of white.}) 10... Qxc4 11. b3 {'N'} ({Nothing promises} 11. Nxd4 e5
12. Nf5 (12. Nf3 d6 13. Re1 b5 14. b3 Qc6 $11) 12... Qxe4 13. Nd6+ Bxd6 14.
Qxd6 f6 15. f4 b5 16. Bd2 Bb7 17. Rf2 Qc6 18. Qxc6 $11 {1/2-1/2 Anand,
V-Ivanchuk,V/Moscow 2001/CBM 86 (18)}) 11... Qc7 (11... Qc6 $5 12. Qxd4 b5) 12.
Bb2 (12. Nxd4 $6 b5 13. a4 b4 $15 {[%csl Rc2][%cal Gc8b7]}) 12... Bd6 {That is
a typical move for the ''Paulsen'' type of position. The dark-squared bishop
controls important squares over the b8-h2 diagonal, while the second one will
be very useful on the long diagonal a8-h1. So, there is no reason to play
d7-d6 as the pawn can be even more vulnerable on d6.} ({Possibly was also} 
12... Be7 $5 13. Qxd4 f6 14. c4 O-O 15. Nc3 (15. Rad1 b5 $11) 15... Rb8 16. a4
b6 17. Rad1 Rf7 $11 {[%cal Ge7f8,Gc8b7]}) 13. Kh1 (13. f4 e5 14. fxe5 Bxe5 15.
h3 O-O 16. Nxd4 b5 $15) 13... f6 {Neutralizing the pressure of Bb2.} ({There
was a small positional trap:} 13... e5 $6 14. c3 $1 dxc3 15. Nxc3 O-O 16. Rc1
Qb8 17. Nd5 $36) (13... O-O 14. Qxd4 f6 15. f4 b5 16. Rad1 Be7 $11) 14. Nxd4
O-O (14... b5 $6 15. c4 bxc4 16. Rc1 O-O 17. Rxc4 $14) 15. c4 b6 16. Qg4 {
The most ambitious position for the queen.} (16. Qd3 Bb7 17. Rad1 Be5 18. Qe3
Bf4 $11 (18... Rfe8 $5 19. f4 Bxd4 20. Bxd4 b5 21. c5 Bc6 $11)) 16... Rf7 17.
f4 {White cannot make any progress on the kside without that move, but now the
Bb7 becomes even more powerful.} Bb7 18. Rae1 Bxe4 {That leads to a win of a
pawn, but white's compensation will be sufficient.} ({I would prefer:} 18...
Bc5 $5 {[%cal Gb6b5] with the idea of b6-b5. In my opinion black's chances are
even slighty better in this complicated position, as it's not easy for white
to organize any attack on the kside, while Pe4 is weak.}) 19. f5 exf5 20. Nxf5
Bxf5 21. Rxf5 Raf8 (21... Kh8 $6 22. Rh5 $36 {[%cal Gg4g6]}) 22. h4 Be5 {
Black decides to go for a drawn endgame.} (22... Kh8 23. h5 h6 24. Qg6 $44 {
[%cal Gb2c1,Gc1h6,Ge1e4,Ge4g4]}) (22... Re7 23. Rxe7 (23. Ref1 $6 Be5 24. Bxe5
Rxe5 25. Rxe5 fxe5 26. Rxf8+ Kxf8 $15) 23... Bxe7 24. Rd5 Rd8 25. h5 $44) 23.
Bxe5 fxe5 24. Rexe5 Rxf5 25. Rxf5 Rxf5 26. Qxf5 Qg3 {'=' The most simple way.
Now white cannot win any pawn,as black has a perpetual check.} 27. Qe4 (27. h5
Qe1+ 28. Kh2 Qh4+ $11) 27... Kf7 28. Kg1 {White is still trying to improve his
position somehow by centralizing his monarch. But black gets time to protect
all his pawns.} (28. Qxh7 Qe1+ 29. Kh2 Qe5+ 30. Kh3 Qe6+ 31. Kg3 Qe3+ 32. Kg4
Qe2+ $11) 28... h6 29. Qd4 Ke7 30. Kf1 Qg6 31. Kf2 a5 32. g3 Kd8 33. Kf3
1/2-1/2